[Event "Rheinland Pfalz op 10th"]
[Site "Nickenich"]
[Date "2018.06.02"]
[Round "6"]
[White "Zimmer, Elmar"]
[Black "Gnad, Gunnar"]
[Result "1/2-1/2"]
[WhiteElo "1571"]
[BlackElo "1730"]
[PlyCount "35"]
[EventDate "2018.05.31"]
[EventType "swiss"]
[EventRounds "7"]
[EventCountry "GER"]
[SourceTitle "EXT 2019"]
[Source "ChessBase"]
[SourceDate "2018.10.10"]
[SourceVersion "1"]
[SourceVersionDate "2018.10.10"]
[SourceQuality "1"]

1. Nf3 d5 2. d4 Nf6 3. c4 e6 4. Nc3 c6 5. Bg5 Nbd7 6. e3 Qa5 7. Qa4 Qxa4 8. Nxa4 Bb4+ 9. Nc3 Ne4 10. Rc1 Nxg5 11. Nxg5 dxc4 12. Bxc4 Nb6 13. Bd3 h6 14. Nf3 Nd5 15. 0-0 0-0 16. Nxd5 exd5 17. a3 Be7 18. h3 1/2-1/2

[Event "Lueneburg op-A"]
[Site "Lueneburg"]
[Date "2015.08.16"]
[Round "2"]
[White "Stork, Oliver"]
[Black "Gnad, Gunnar"]
[Result "1-0"]
[WhiteElo "1934"]
[BlackElo "1762"]
[PlyCount "70"]
[EventDate "2015.08.15"]
[EventType "swiss"]
[EventRounds "9"]
[EventCountry "GER"]
[SourceTitle "EXT 2016"]
[Source "ChessBase"]
[SourceDate "2015.10.08"]
[SourceVersion "1"]
[SourceVersionDate "2015.10.08"]
[SourceQuality "1"]

1. c4 e5 2. g3 Nf6 3. Bg2 c6 4. d4 d6 5. Nc3 Be7 6. e4 0-0 7. Nge2 Nbd7 8. 0-0 Re8 9. h3 exd4 10. Nxd4 Ne5 11. b3 h6 12. Be3 Bf8 13. Qc2 Bd7 14. Rad1 Qc7 15. Rd2 Rad8 16. Rfd1 Bc8 17. g4 Nh7 18. Rf1 a6 19. f4 Ng6 20. Nf3 Be7 21. Na4 Qb8 22. Bb6 Rd7 23. f5 Nf4 24. Rfd1 Nxg2 25. Kxg2 Bd8 26. Bxd8 Rdxd8 27. e5 b5 28. Nc3 Bb7 29. Rxd6 c5 30. Qd3 Rxd6 31. exd6 Ng5 32. Nd5 Qxd6 33. Nxg5 hxg5 34. Kf1 b4 35. Re1 Rxe1+ 1-0

[Event "Wiesbaden op 25th"]
[Site "Wiesbaden"]
[Date "2013.08.23"]
[Round "2"]
[White "Klein, Simon"]
[Black "Gnad, Gunnar"]
[Result "0-1"]
[WhiteElo "919"]
[BlackElo "1755"]
[PlyCount "72"]
[EventDate "2013.08.22"]
[EventType "swiss"]
[EventRounds "7"]
[EventCountry "GER"]
[SourceTitle "EXT 2014"]
[Source "ChessBase"]
[SourceDate "2013.11.20"]
[SourceVersion "1"]
[SourceVersionDate "2013.11.20"]
[SourceQuality "1"]

1. d4 d5 2. Nf3 e6 3. Bf4 Nf6 4. Nbd2 Be7 5. c4 0-0 6. e3 Nh5 7. g3 Nxf4 8. gxf4 b6 9. a3 a5 10. Qc2 Nd7 11. e4 Bb7 12. e5 dxc4 13. Bxc4 g6 14. 0-0-0 c5 15. Rhf1 cxd4 16. Nxd4 Rc8 17. Nxe6 fxe6 18. Bxe6+ Kg7 19. Nc4 Rc7 20. Rxd7 Rxd7 21. Bxd7 Qxd7 22. Nxb6 Qc6 23. Qxc6 Bxc6 24. Nc4 Bb5 25. b3 Bxa3+ 26. Nxa3 Bxf1 27. Kb2 Rxf4 28. Nc2 Rxf2 29. Kc3 Rxh2 30. Nd4 Rh3+ 31. Kb2 Re3 32. Nc6 Bg2 33. Nxa5 Rxe5 34. b4 h5 35. Kc3 Rxa5 36. bxa5 h4 0-1

[Event "Rhein Main op-B 16th"]
[Site "Bad Homburg"]
[Date "2013.05.31"]
[Round "4"]
[White "Damrich, Alina"]
[Black "Gnad, Gunnar"]
[Result "1/2-1/2"]
[WhiteElo "1179"]
[BlackElo "1725"]
[PlyCount "66"]
[EventDate "2013.05.29"]
[EventType "swiss"]
[EventRounds "7"]
[EventCountry "GER"]
[SourceTitle "EXT 2014"]
[Source "ChessBase"]
[SourceDate "2013.11.20"]
[SourceVersion "1"]
[SourceVersionDate "2013.11.20"]
[SourceQuality "1"]

1. e4 e5 2. Nf3 Nc6 3. d4 exd4 4. Nxd4 Bc5 5. Be3 Qf6 6. c3 d6 7. Nxc6 Bxe3 8. fxe3 bxc6 9. Nd2 Ne7 10. Qf3 Qxf3 11. Nxf3 0-0 12. Rd1 c5 13. Bc4 Bb7 14. Bd5 Nxd5 15. exd5 Rae8 16. Kf2 h6 17. Rhe1 f5 18. h3 Re4 19. b3 g5 20. Nd2 Re5 21. c4 Bc8 22. Kg1 Rfe8 23. Kf2 Kg7 24. Nf3 R5e7 25. Nh2 Re4 26. g3 a5 27. Kf3 h5 28. Re2 f4 29. gxf4 gxf4 30. Rg2+ Kh6 31. exf4 Re3+ 32. Kf2 Bxh3 33. Rg3 Re2+ 1/2-1/2

[Event "Rhein Main op-B 15th"]
[Site "Bad Homburg"]
[Date "2012.06.10"]
[Round "7"]
[White "Gnad, Gunnar"]
[Black "Torgashov, Katerina"]
[Result "1-0"]
[WhiteElo "1746"]
[BlackElo "1222"]
[PlyCount "107"]
[EventDate "2012.06.06"]
[EventType "swiss"]
[EventRounds "7"]
[EventCountry "GER"]
[SourceTitle "EXT 2013"]
[Source "ChessBase"]
[SourceDate "2012.11.22"]
[SourceVersion "1"]
[SourceVersionDate "2012.11.22"]
[SourceQuality "1"]

1. c4 Nf6 2. Nc3 e6 3. Nf3 d5 4. e3 Nbd7 5. d4 Be7 6. Be2 dxc4 7. Bxc4 0-0 8. 0-0 Nb6 9. Bb3 c5 10. Qe2 cxd4 11. Nxd4 e5 12. Nc2 Qc7 13. e4 Bc5 14. Kh1 Rd8 15. Bg5 Be7 16. Rac1 Ng4 17. Nb5 Qc5 18. Ne3 Qb4 19. Bxe7 Qxe7 20. Nxg4 Bd7 21. Nc3 Qg5 22. f3 Bxg4 23. Nd5 Bh5 24. Rcd1 Rac8 25. Nxb6 axb6 26. Bd5 Qe7 27. Rd2 Qc7 28. g4 Bg6 29. h4 h5 30. Kh2 Qe7 31. Kg3 Qf6 32. g5 Qf4+ 33. Kh3 Kh8 34. Rfd1 Rc7 35. Qg2 Rcd7 36. Qg3 Qxg3+ 37. Kxg3 f6 38. Kf2 fxg5 39. hxg5 Bf7 40. Kg3 Kh7 41. g6+ Bxg6 42. Bg8+ Rxg8 43. Rxd7 Kh6 44. Rxb7 Kg5 45. Rxb6 Rf8 46. Rh1 Rf4 47. a4 h4+ 48. Rxh4 Rxh4 49. Rxg6+ Kh5 50. Rxg7 Rf4 51. Re7 Kg6 52. Re6+ Kf7 53. Rxe5 Rf6 54. Rf5 1-0

[Event "Luxembourg-ch"]
[Site "Luxembourg"]
[Date "1999.04.08"]
[Round "6"]
[White "Jongsma, Daan"]
[Black "Gnad, Gunnar"]
[Result "1-0"]
[WhiteElo "2042"]
[BlackElo "1962"]
[PlyCount "39"]
[EventDate "1999.04.03"]
[EventType "swiss"]
[EventRounds "9"]
[EventCountry "LUX"]
[SourceTitle "EXT 2005"]
[Source "ChessBase"]
[SourceDate "2004.11.15"]
[SourceVersion "1"]
[SourceVersionDate "2004.11.15"]
[SourceQuality "1"]

1. e4 e5 2. f4 Qf6 3. Nf3 Qxf4 4. Nc3 Bb4 5. Bc4 Bxc3 6. 0-0 Nf6 7. dxc3 Qg4 8. Bxf7+ Ke7 9. Bg5 d6 10. h3 Qd7 11. Bb3 Nc6 12. Nh4 Qe8 13. a3 Rf8 14. Qe2 a6 15. Rf2 Nd8 16. Raf1 h6 17. Bxf6+ gxf6 18. Qe3 Qh5 19. Qg3 Qg5 20. Qxg5 1-0

[Event "Luxembourg-chT 9899"]
[Site "Luxembourg"]
[Date "1999.03.14"]
[Round "9"]
[White "Batkic, Nejib"]
[Black "Gnad, Gunnar"]
[Result "0-1"]
[WhiteElo "1960"]
[BlackElo "1950"]
[PlyCount "56"]
[EventDate "1998.10.08"]
[EventType "team"]
[EventRounds "10"]
[EventCountry "LUX"]
[SourceTitle "EXT 2005"]
[Source "ChessBase"]
[SourceDate "2004.11.15"]
[SourceVersion "1"]
[SourceVersionDate "2004.11.15"]
[SourceQuality "1"]

1. e4 e5 2. Nf3 Nc6 3. Nc3 d6 4. Bb5 Bd7 5. d4 exd4 6. Nxd4 Ne5 7. Qe2 c6 8. Ba4 Qb6 9. Nf3 Bg4 10. Bb3 Bh5 11. Be3 Qc7 12. h3 Nxf3+ 13. gxf3 Be7 14. 0-0-0 Bf6 15. Bd4 0-0-0 16. Bxa7 Bxc3 17. bxc3 Ne7 18. Bd4 Rhg8 19. Rhg1 Ng6 20. Be3 Ne5 21. Rg3 Qe7 22. Bg5 Bxf3 23. Qe3 f6 24. Bxg8 Bxd1 25. Bxh7 Bh5 26. Bf4 g6 27. Bxe5 dxe5 28. f3 Qa3+ 0-1

[Event "LUX-chABC"]
[Site "Dudelange"]
[Date "1998.04.16"]
[Round "6.11"]
[White "Gnad, Gunnar"]
[Black "Ramdedovic, Delija"]
[Result "1/2-1/2"]
[WhiteElo "1615"]
[BlackElo "1760"]
[PlyCount "143"]
[EventDate "1998.04.11"]
[EventType "swiss"]
[EventRounds "9"]
[EventCountry "LUX"]
[SourceTitle "EXT 2013"]
[Source "ChessBase"]
[SourceDate "2012.11.22"]
[SourceVersion "1"]
[SourceVersionDate "2012.11.22"]
[SourceQuality "1"]

1. c4 c5 2. Nc3 Nf6 3. e3 e5 4. d4 cxd4 5. exd4 exd4 6. Qxd4 Nc6 7. Qd1 Bb4 8. Bd2 0-0 9. Be2 Re8 10. Nf3 Qe7 11. Rc1 h6 12. a3 Bxc3 13. Rxc3 d5 14. Re3 Qd7 15. Rxe8+ Nxe8 16. cxd5 Qxd5 17. 0-0 Bg4 18. Bc3 Qxd1 19. Rxd1 Nc7 20. h3 Be6 21. b4 a6 22. Bb2 Re8 23. Bf1 Re7 24. Ne5 Nxe5 25. Bxe5 Nb5 26. Bb2 Bd7 27. Bd3 Na7 28. Kh2 Ba4 29. Rc1 Nc6 30. Bc2 Bxc2 31. Rxc2 Re4 32. Bc1 Re1 33. Be3 Ra1 34. Rc3 f6 35. Rb3 b5 36. Bf4 Nd4 37. Rd3 Nc2 38. Rd8+ Kh7 39. Ra8 Rxa3 40. Bc1 Ra4 41. Bd2 Nxb4 42. Bxb4 Rxb4 43. Rxa6 Kg6 44. Kg3 h5 45. Kf3 Kf5 46. Rb6 g5 47. g4+ hxg4+ 48. hxg4+ Ke5 49. Ke3 Rb3+ 50. Kd2 b4 51. Kc2 Rf3 52. Rb5+ Kd6 53. Rxb4 Rxf2+ 54. Kd3 Ke5 55. Ke3 Rf1 56. Re4+ Kd5 57. Rd4+ Kc5 58. Re4 Re1+ 59. Kf3 Rxe4 60. Kxe4 Kd6 61. Kd4 Ke6 62. Ke4 Kf7 63. Kf3 Ke7 64. Ke3 Kd6 65. Kd4 Ke6 66. Ke4 f5+ 67. gxf5+ Kf6 68. Kf3 Kxf5 69. Kg3 g4 70. Kg2 Kf4 71. Kf2 g3+ 72. Kg2 1/2-1/2

[Event "LUX-chABC"]
[Site "Dudelange"]
[Date "1998.04.13"]
[Round "3.13"]
[White "Felix, Paulo"]
[Black "Gnad, Gunnar"]
[Result "0-1"]
[WhiteElo "1515"]
[BlackElo "1615"]
[PlyCount "62"]
[EventDate "1998.04.11"]
[EventType "swiss"]
[EventRounds "9"]
[EventCountry "LUX"]
[SourceTitle "EXT 2013"]
[Source "ChessBase"]
[SourceDate "2012.11.22"]
[SourceVersion "1"]
[SourceVersionDate "2012.11.22"]
[SourceQuality "1"]

1. e4 e5 2. Nf3 Nc6 3. Bc4 Nf6 4. d3 Be7 5. Be3 d6 6. h3 Bd7 7. a3 a6 8. Nc3 0-0 9. Qd2 b5 10. Ba2 Qe8 11. g4 Kh8 12. Bg5 Ng8 13. Bxe7 Ngxe7 14. Ne2 f6 15. c3 Ng6 16. Qc2 Be6 17. Bb3 Qf7 18. Bxe6 Qxe6 19. Kd2 d5 20. Qb3 Rad8 21. Kc2 Rfe8 22. Nd2 Na5 23. Qa2 c5 24. b4 Nb7 25. f3 Qc6 26. h4 Ne7 27. f4 Nd6 28. exd5 Nxd5 29. fxe5 Rxe5 30. Rae1 cxb4 31. axb4 Nxb4+ 0-1

[Event "LUX-chABC"]
[Site "Dudelange"]
[Date "1998.04.11"]
[Round "1.19"]
[White "Kessler, Lucien"]
[Black "Gnad, Gunnar"]
[Result "1/2-1/2"]
[WhiteElo "1580"]
[BlackElo "1615"]
[PlyCount "68"]
[EventDate "1998.04.11"]
[EventType "swiss"]
[EventRounds "9"]
[EventCountry "LUX"]
[SourceTitle "EXT 2013"]
[Source "ChessBase"]
[SourceDate "2012.11.22"]
[SourceVersion "1"]
[SourceVersionDate "2012.11.22"]
[SourceQuality "1"]

1. e4 e5 2. Nf3 Nc6 3. d4 exd4 4. Bc4 Nf6 5. e5 Ng4 6. Bxf7+ Kxf7 7. Ng5+ Kg8 8. Qxg4 h6 9. Nf3 Qe8 10. Bf4 d6 11. Qg3 dxe5 12. Bxe5 Nxe5 13. Nxe5 Bd6 14. f4 Bf5 15. 0-0 Bxc2 16. Nd2 b6 17. Ndf3 c5 18. Nh4 Rc8 19. Rae1 Qb5 20. Rf2 Qxb2 21. Nc4 Qb4 22. Rxc2 Bxf4 23. Qf2 Rf8 24. Qe2 d3 25. Qe6+ Rf7 26. Rf2 Kh7 27. g3 Rhf8 28. Qe4+ Kg8 29. Rxf4 Rxf4 30. gxf4 Rxf4 31. Qxf4 Qxe1+ 32. Kg2 Qe2+ 33. Kh3 Qe6+ 34. Qf5 Qxc4 1/2-1/2

[Event "LUX-chABC"]
[Site "Dudelange"]
[Date "1997.04.04"]
[Round "7.10"]
[White "Gnad, Gunnar"]
[Black "Speksnijder, Robert"]
[Result "1/2-1/2"]
[WhiteElo "1950"]
[BlackElo "1895"]
[PlyCount "32"]
[EventDate "1997.03.29"]
[EventType "swiss"]
[EventRounds "9"]
[EventCountry "LUX"]
[SourceTitle "EXT 2013"]
[Source "ChessBase"]
[SourceDate "2012.11.22"]
[SourceVersion "1"]
[SourceVersionDate "2012.11.22"]
[SourceQuality "1"]

1. c4 Nf6 2. Nc3 c5 3. Nf3 Nc6 4. e3 d6 5. d4 cxd4 6. exd4 d5 7. h3 Bf5 8. a3 e6 9. Be3 dxc4 10. Bxc4 Rc8 11. Qe2 Be7 12. 0-0 0-0 13. Rfd1 Na5 14. Bd3 Bxd3 15. Rxd3 Nd5 16. Nxd5 Qxd5 1/2-1/2

[Event "LUX-chABC"]
[Site "Dudelange"]
[Date "1997.04.03"]
[Round "6.13"]
[White "Kessler, Armand"]
[Black "Gnad, Gunnar"]
[Result "0-1"]
[WhiteElo "1840"]
[BlackElo "1950"]
[PlyCount "79"]
[EventDate "1997.03.29"]
[EventType "swiss"]
[EventRounds "9"]
[EventCountry "LUX"]
[SourceTitle "EXT 2013"]
[Source "ChessBase"]
[SourceDate "2012.11.22"]
[SourceVersion "1"]
[SourceVersionDate "2012.11.22"]
[SourceQuality "1"]

1. e4 e5 2. Nf3 Nc6 3. Bc4 Nf6 4. 0-0 Be7 5. Nc3 d6 6. d4 Bg4 7. dxe5 Nxe5 8. Be2 0-0 9. Nxe5 Bxe2 10. Nxf7 Bxd1 11. Nxd8 Bxc2 12. Ne6 Rfc8 13. Bg5 Kf7 14. Nd4 Bd3 15. Rfe1 Re8 16. f3 c6 17. Rad1 Ba6 18. Nf5 Rad8 19. Nxe7 Kxe7 20. f4 Kf7 21. e5 dxe5 22. Rxd8 Rxd8 23. fxe5 Re8 24. Ne4 Rxe5 25. Nd6+ Ke6 26. Rxe5+ Kxe5 27. Bxf6+ Kxf6 28. Nc8 Ke6 29. b4 Kd7 30. Nxa7 Kc7 31. a4 Kb8 32. Nxc6+ bxc6 33. Kf2 Kc7 34. Ke3 Kb6 35. Kd4 Bf1 36. g3 Be2 37. Ke5 Bd1 38. a5+ Kb5 39. Kd6 Bf3 40. a6 0-1

[Event "Luxembourg op"]
[Site "Luxembourg"]
[Date "1996.??.??"]
[Round "9"]
[White "Gnad, Gunnar"]
[Black "Klein, Jean Paul"]
[Result "1/2-1/2"]
[WhiteElo "1925"]
[BlackElo "2065"]
[PlyCount "43"]
[EventDate "1996.??.??"]
[EventType "swiss"]
[EventRounds "9"]
[EventCountry "LUX"]
[SourceTitle "EXT 2005"]
[Source "ChessBase"]
[SourceDate "2004.11.15"]
[SourceVersion "1"]
[SourceVersionDate "2004.11.15"]
[SourceQuality "1"]

1. c4 Nf6 2. Nc3 g6 3. Nf3 Bg7 4. d4 d6 5. e3 0-0 6. Be2 Nc6 7. a3 a6 8. 0-0 e5 9. d5 Ne7 10. e4 Ne8 11. Bd2 f5 12. b4 h6 13. Qb3 Nf6 14. Bd3 f4 15. c5 g5 16. Ne1 Ng6 17. f3 h5 18. Kf2 g4 19. Ke2 h4 20. Kd1 Nh5 21. fxg4 Bxg4+ 22. Nf3 1/2-1/2

[Event "Luxembourg op"]
[Site "Luxembourg"]
[Date "1996.??.??"]
[Round "3"]
[White "Gnad, Gunnar"]
[Black "Pereira, D."]
[Result "1-0"]
[WhiteElo "1925"]
[BlackElo "1710"]
[PlyCount "129"]
[EventDate "1996.??.??"]
[EventType "swiss"]
[EventRounds "9"]
[EventCountry "LUX"]
[SourceTitle "EXT 2005"]
[Source "ChessBase"]
[SourceDate "2004.11.15"]
[SourceVersion "1"]
[SourceVersionDate "2004.11.15"]
[SourceQuality "1"]

1. c4 e5 2. Nc3 Nf6 3. Nf3 Nc6 4. e3 b6 5. Be2 Bb7 6. 0-0 Be7 7. a3 a5 8. b3 0-0 9. Bb2 d5 10. cxd5 Nxd5 11. Nb5 Bd6 12. Bc4 Nde7 13. Ng5 Ng6 14. Qh5 h6 15. Ne4 Nce7 16. Nexd6 cxd6 17. d4 d5 18. Be2 e4 19. f4 f5 20. g4 fxg4 21. f5 Nh8 22. Bxg4 Bc6 23. a4 Be8 24. Qh4 Bxb5 25. axb5 Rf6 26. Rac1 Rc8 27. Qh3 Nf7 28. Ba3 Ng5 29. Qg3 Rxc1 30. Rxc1 Nxf5 31. Bxf5 Rxf5 32. h4 Nf3+ 33. Kh1 Qxh4+ 34. Qxh4 Nxh4 35. Rc6 Nf3 36. Kg2 Nxd4 37. exd4 e3 38. Rc1 Rf6 39. Re1 Re6 40. Kf3 Kf7 41. Ke2 h5 42. Bc1 g5 43. Bxe3 g4 44. Rf1+ Kg7 45. Rf5 h4 46. Rxd5 g3 47. Re5 Kf6 48. Bg5+ Kf7 49. Bxh4 g2 50. Kf2 Rxe5 51. dxe5 Ke6 52. Bd8 Kxe5 53. Bxb6 Kd6 54. Bxa5 Kc5 55. b6 g1Q+ 56. Kxg1 Kc6 57. Kf2 Kb7 58. Ke3 Kc6 59. Kd4 Kb7 60. Kd5 Ka6 61. Kd6 Kb7 62. Kc5 Kb8 63. Kc6 Kc8 64. Bc3 Kb8 65. Be5+ 1-0

[Event "Luxembourg op"]
[Site "Luxembourg"]
[Date "1996.??.??"]
[Round "7"]
[White "Gnad, Gunnar"]
[Black "Scholtes, Theo"]
[Result "1-0"]
[WhiteElo "1925"]
[BlackElo "1780"]
[PlyCount "49"]
[EventDate "1996.??.??"]
[EventType "swiss"]
[EventRounds "9"]
[EventCountry "LUX"]
[SourceTitle "EXT 2005"]
[Source "ChessBase"]
[SourceDate "2004.11.15"]
[SourceVersion "1"]
[SourceVersionDate "2004.11.15"]
[SourceQuality "1"]

1. c4 Nf6 2. Nc3 d6 3. Nf3 Bf5 4. e3 h6 5. d4 Nbd7 6. b3 c6 7. Bb2 a6 8. Bd3 Bg4 9. h3 Be6 10. Qc2 Qa5 11. a3 Rc8 12. b4 Qc7 13. e4 b5 14. d5 cxd5 15. cxd5 Bxd5 16. exd5 Nxd5 17. Rc1 Qb7 18. Qd2 N5b6 19. 0-0 e6 20. Ne4 Rxc1 21. Rxc1 Be7 22. Bxg7 Rg8 23. Qxh6 f5 24. Nxd6+ Bxd6 25. Qxe6+ 1-0